46鹿児島県の市町村 - Statistics

General Stats
  • This quiz has been taken 85 times
    81 since last reset
  • The average score is 22 of 43
Answer Stats
Answer % Correct
鹿児島市
100%
霧島市
98%
指宿市
94%
薩摩川内市
91%
鹿屋市
85%
枕崎市
85%
出水市
81%
いちき串木野市
81%
南九州市
81%
志布志市
75%
姶良市
74%
南さつま市
72%
奄美市
72%
阿久根市
64%
垂水市
64%
西之表市
62%
日置市
62%
曽於市
62%
伊佐市
57%
鹿児島郡三島村
34%
鹿児島郡十島村
34%
熊毛郡屋久島町
34%
大島郡宇検村
32%
大島郡与論町
32%
熊毛郡中種子町
30%
熊毛郡南種子町
30%
大島郡大和村
30%
大島郡龍郷町
30%
大島郡徳之島町
30%
大島郡天城町
30%
大島郡伊仙町
30%
大島郡和泊町
30%
大島郡知名町
30%
薩摩郡さつま町
28%
出水郡長島町
28%
肝属郡南大隅町
28%
肝属郡肝付町
28%
大島郡瀬戸内町
28%
大島郡喜界町
28%
曽於郡大崎町
26%
肝属郡錦江町
26%
姶良郡湧水町
23%
肝属郡東串良町
23%
No matching quizzes found
Score Distribution
Percent of People with Each Score
Percentile by Number Answered
Your Score History
You have not taken this quiz since the last reset